| 000 | 00748cam a2200193 4500 | ||
|---|---|---|---|
| 001 | WS124019 | ||
| 008 | 031024n 000 0 eng u | ||
| 035 | _a(Sirsi) u124019 | ||
| 110 |
_aInternational Olympic Committee _94541 |
||
| 245 | _aInternational Olympic Committee | ||
| 520 | _aWeb site for this organisation which organises the summer and winter Olympic Games. Includes details of all the sports involved, listing of previous and upcoming games and a history of the Olympic movement. | ||
| 650 | _aOLYMPIC GAMES | ||
| 650 | _aSPORT | ||
| 650 | _aINTERNATIONAL | ||
| 650 | _aORGANISATION | ||
| 690 | _aLEISURE AND RECREATION | ||
| 856 | 4 | 0 |
_uhttps://www.olympic.org _zView the website free of charge at www.olympics.org... |
| 942 | _n0 | ||
| 999 |
_c120346 _d120346 |
||